| Tag |
First Indicator |
Second Indicator |
Subfields |
| LEADER |
00000cam a22000001 4500 |
| 001 |
in00000094710 |
| 005 |
20150927110530.0 |
| 008 |
790919m19621964nyua b 00010 eng |
| 010 |
|
|
|a 62018932
|
| 035 |
|
|
|a (OCoLC)05846295
|
| 035 |
|
|
|9 AAL6581AM
|
| 040 |
|
|
|a DLC
|c DLC
|d TXA
|d UtOrBLW
|
| 049 |
|
|
|a TXAM
|v 1 [458205]
|v 2 [458206]
|
| 050 |
0 |
0 |
|a TP1180.P8
|b S2
|
| 082 |
0 |
|
|a 668/.4225
|
| 090 |
|
|
|a TP156.P6
|b S2
|
| 100 |
1 |
|
|a Saunders, J. H.
|q (James Henry),
|d 1923-
|
| 245 |
1 |
0 |
|a Polyurethanes: chemistry and technology /
|c [by] J. H. Saunders and K. C. Frisch.
|
| 264 |
|
1 |
|a New York :
|b Interscience Publishers,
|c [1962-64]
|
| 300 |
|
|
|a 2 volumes :
|b illustrations ;
|c 24 cm.
|
| 336 |
|
|
|a text
|b txt
|2 rdacontent
|
| 337 |
|
|
|a unmediated
|b n
|2 rdamedia
|
| 338 |
|
|
|a volume
|b nc
|2 rdacarrier
|
| 490 |
1 |
|
|a High polymers,
|v v. 16, pts. 1-2
|
| 504 |
|
|
|a Includes bibliographies.
|
| 505 |
0 |
|
|a v. 1. Chemistry.--v. 2. Technology.
|
| 650 |
|
0 |
|a Urethanes.
|
| 700 |
1 |
|
|a Frisch, Kurt Charles,
|d 1918-
|
| 830 |
|
0 |
|a High polymers ;
|v v. 16, pts. 1-2.
|
| 999 |
|
|
|a MARS
|
| 999 |
f |
f |
|s 1a72dcad-49c9-3e87-a6b7-66f540336d35
|i 3fec576d-172a-3873-91dd-9a4dc76ad0a9
|t 0
|
| 952 |
f |
f |
|p normal
|a Texas A&M University
|b College Station
|c Sterling C. Evans Library
|d Evans: Library Stacks
|t 0
|e TP156.P6 S2
|h Library of Congress classification
|i unmediated -- volume
|k v.2
|m A14805599645
|
| 952 |
f |
f |
|p normal
|a Texas A&M University
|b College Station
|c Sterling C. Evans Library
|d Evans: Library Stacks
|t 0
|e TP156.P6 S2
|h Library of Congress classification
|i unmediated -- volume
|k v.1
|m A14805599637
|
| 998 |
f |
f |
|a TP156.P6 S2
|s v.1-v.2
|t 0
|l Evans: Library Stacks
|